Piłkarska kariera Francka Riberyego. - Statystyki

Ogólne statystyki
  • Ten quiz został rozwiązany 89 razy
  • Średni wynik to 3 z 8
Statystyki odpowiedzi
Lata Drużyna % Poprawnych
2007-2019 Bayern
99%
2019-teraz Fiorentina
89%
2005-2007 Olympique Marsylia
49%
2005-2005 Galatasaray
37%
2004-2005 Metz
18%
2003-2004 Stade Brest
3%
2002-2003 Olympique Ales
1%
2000-2002 Boulougne
0%
Nie znaleziono quizów pasujących do podanych kryteriów
Rozkład punktacji
Procent ludzi z każdym wynikiem
Percentyl według liczby udzielonych odpowiedzi
Twoja historia wyników
Nie rozwiązałeś tego quizu